Edificio de investigaciones biológicas

Salvato in:
Dettagli Bibliografici
Autore principale: Román Gutiérrez, Francisco José
Altri autori: Chavarría Abarca, Omar Eliecer., 1969- Director del TFG
Natura: Sconosciuto
Lingua:Spanish
Pubblicazione: San José,Costa Rica, 2015
Soggetti:
Tags: Aggiungi Tag
Nessun Tag, puoi essere il primo ad aggiungerne!!

MARC

LEADER 00000 a2200000 4500
003 EA0110
005 20230223075250.0
008 140114s2015 cr a 000 ||spa d
040 |c cru CEDI 
090 |a TFG EA-110 
100 |a Román Gutiérrez, Francisco José  |9 20175 
245 |a Edificio de investigaciones biológicas  
260 |a  San José,Costa Rica,  |c 2015 
500 |a Proyecto de graduación (licenciatura en arquitectura)--Universidad de Costa Rica. Facultad de Ingeniería. Escuela de Arquitectura 
501 |a Director de Proyecto de Graduación: Arq. Omar Chavarría Abarca 
650 |x UNIVERSIDAD DE COSTA RICA.. FACULTAD DE CIENCIAS. ESCUELA DE BIOLOGIA - EDIFICIOS   |x REMODELACION DE EDIFICIOS - DISEÑO Y PLANOS  |x DISEÑO ARQUITECTONICO  |x EDIFICIOS UNIVERSITARIOS - DISEÑOS Y PLANOS  |x ESPACIO (ARQUITECTURA)  |9 20176 
700 |9 68  |a Chavarría Abarca, Omar Eliecer., 1969-  |d Director del TFG 
942 |c CEDI 
999 |c 12935  |d 12935